| 000 | 00487nam a2200181Ia 4500 | ||
|---|---|---|---|
| 005 | 20250508150735.0 | ||
| 008 | 008 250505s9999 xx 000 0 hin d | ||
| 037 | _aTextual | ||
| 040 |
_aFEDL _beng _cFEDL |
||
| 041 |
_ahin _2eng |
||
| 084 |
_a153.6, STE _qFEDL |
||
| 100 | _aStebbing L. Susan | ||
| 245 | 0 | _aThinking to some purpose | |
| 260 |
_aHarmondsworth _bPenguin Books _c1939 |
||
| 300 | _aix,248p. | ||
| 942 |
_cTEXL _h153.6, STE |
||
| 999 |
_c1325383 _d1325383 |
||